LEADER 00852nam0-2200289---450- 001 990009159150403321 005 20100412142731.0 010 $a88-7715-350-4 035 $a000915915 035 $aFED01000915915 035 $a(Aleph)000915915FED01 035 $a000915915 100 $a20100312d1999----km-y0itay50------ba 101 0 $aita 102 $aIT 105 $ay-------001yy 200 1 $aParole italiane$ealcune ipotesi per l'organizzazione di materiali didattici (per l'insegnamento dell'italiano come L2 o LS)$fVanda Trenta Lucaroni 210 $aPerugia$cGuerra$d1999 215 $a39 p.$d24 cm 700 1$aTrenta Lucaroni,$bVanda$0224203 801 0$aIT$bUNINA$gREICAT$2UNIMARC 901 $aBK 912 $a990009159150403321 952 $aB T 1$b703$fNAP12 959 $aNAP12 996 $aParole italiane$9777933 997 $aUNINA LEADER 01959nam 22004213u 450 001 9910455782403321 005 20210114014537.0 010 $a1-280-70495-0 010 $a9786610704958 010 $a1-58843-005-7 010 $a0-585-39750-3 035 $a(CKB)111056486907940 035 $a(EBL)112415 035 $a(OCoLC)187394873 035 $a(MiAaPQ)EBC112415 035 $a(EXLCZ)99111056486907940 100 $a20130418d2000|||| u|| | 101 0 $aeng 135 $aur|n|---||||| 200 14$aThe Artichoke Trail$b[electronic resource] $eA Guide to Vegetarian Restaurants, Organic Food Stores & Farmers' Markets in the US 210 $aEdison $cHunter Publishing$d2000 215 $a1 online resource (422 p.) 300 $aDescription based upon print version of record. 311 $a1-55650-878-6 327 $aPreliminaries; About the Author; Contents; Introduction; The Northeast; The Southeast; The South; The Midwest; The Southwest; The Northwest; The West; Alaska & Hawaii; Farmers' Markets; Glossary 330 $a The ultimate tool for mobile vegetarians, vegans and travelers looking for a good, healthy meal. Over 1,000 restaurants are described, with hundreds featured in great detail and reviewed using the unique Artichoke Trail rating system. Food stores and markets serving the vegetarian community are also listed, as well as facts and interesting tidbits that health-minded individuals will appreciate. You'll find everything from hamburger joints with a superb garden burger option to gourmet raw food restaurants that adhere to strict vegan standards. 606 $aVegetarian restaurants 608 $aElectronic books. 615 4$aVegetarian restaurants. 676 $a647.9573 700 $aFrost$b James B$0961147 801 0$bAU-PeEL 801 1$bAU-PeEL 801 2$bAU-PeEL 906 $aBOOK 912 $a9910455782403321 996 $aThe Artichoke Trail$92179045 997 $aUNINA